[Event "Teplice Open 2012"]
[Site "Teplice CZE"]
[Date "2012.06.24"]
[Round "9.30"]
[White "Riha,Jaroslav"]
[Black "Kimerling,M"]
[Result "1-0"]
[WhiteElo "1945"]
[BlackElo "2100"]

1.c4 Nf6 2.g3 g6 3.Bg2 Bg7 4.Nf3 O-O 5.O-O d6 6.Nc3 e5 7.d3 Nbd7 8.Bg5 h6
9.Bd2 Nh5 10.Nh4 Kh7 11.e4 Nf4 12.gxf4 Qxh4 13.Qf3 exf4 14.Qxf4 Qd8 15.Qe3 Ne5
16.Rab1 Ng4 17.Qg3 h5 18.f4 h4 19.Qf3 Bd4+ 20.Kh1 Rh8 21.h3 Nf6 22.Ne2 Bb6
23.Bc3 Re8 24.f5 gxf5 25.exf5 Be3 26.Nf4 Kg8 27.Rfe1 Bxf4 28.Rxe8+ Nxe8 29.Qxf4 c6
30.f6 Be6 31.Be4  1-0

[Event "30th Greek Cup 2012"]
[Site "Achaea GRE"]
[Date "2012.06.28"]
[Round "1.3"]
[White "Skembris,S"]
[Black "Kotronias,V"]
[Result "0-1"]
[WhiteElo "2460"]
[BlackElo "2595"]

1.c4 g6 2.Nf3 Bg7 3.g3 Nf6 4.Bg2 O-O 5.O-O d6 6.Nc3 e5 7.d3 Re8 8.Rb1 a5
9.a3 c6 10.e4 Na6 11.b4 axb4 12.axb4 Nc7 13.h3 Ne6 14.Be3 Nd7 15.Re1 f5 16.d4 f4
17.gxf4 exd4 18.Nxd4 Bxd4 19.Bxd4 Nxf4 20.Be3 Nxg2 21.Kxg2 Ne5 22.c5 Qh4
23.Rh1 Ra3 24.Rb3 Rxb3 25.Qxb3+ Be6 26.Qd1 dxc5 27.bxc5 Rd8 28.Qa4 Qh5 29.Bd4 Qf3+
30.Kg1 Nc4  0-1

[Event "TCh-CHN 2012"]
[Site "Taizhou CHN"]
[Date "2012.06.29"]
[Round "7"]
[White "Zhao Jun"]
[Black "Nguyen Ngoc Truong Son"]
[Result "1/2-1/2"]
[WhiteElo "2583"]
[BlackElo "2662"]

1.Nf3 Nf6 2.c4 g6 3.g3 Bg7 4.Bg2 O-O 5.O-O c5 6.d4 Nc6 7.Nc3 d6 8.dxc5 dxc5
9.Be3 Qa5 10.Qa4 Qxa4 11.Nxa4 b6 12.h3 Bd7 13.Nc3 Ne8 14.Rac1 Nd6 15.b3 Rfd8
16.Rfd1 Nf5 17.Bd2 Rac8 18.g4 Nfd4 19.Ne1 Be8 20.e3 Ne6 21.Nd5 Nc7 22.Nc2 e6
23.Nxc7 Rxc7 24.Be1 Rxd1 25.Rxd1 Rd7 26.Rxd7 Bxd7 27.f4 f5 28.g5 Ne7 29.Kf2 Bc6
30.Bxc6 Nxc6 31.Ke2 Kf7 32.Kd3 e5 33.Bd2 e4+ 34.Ke2 Ke6 35.Kd1 a6 36.a4 Kd6
37.Kc1 h6 38.h4 h5 39.Kb1 Bh8 40.Be1 Bg7 41.Bd2 Bh8  1/2-1/2

[Event "Perla Baltyku Open 2012"]
[Site "Lazy POL"]
[Date "2012.06.30"]
[Round "1.6"]
[White "Urban,K"]
[Black "Jacek,K"]
[Result "1-0"]
[WhiteElo "2463"]
[BlackElo "2074"]

1.Nf3 Nf6 2.c4 g6 3.g3 Bg7 4.Bg2 O-O 5.O-O d6 6.d4 Nc6 7.Nc3 a6 8.d5 Na5
9.b3 Bd7 10.Bg5 c5 11.dxc6 Nxc6 12.Rc1 Rc8 13.h3 b5 14.cxb5 axb5 15.Nxb5 Ne4
16.a4 Nxg5 17.Nxg5 Bh6 18.h4 Qb6 19.Qd5 Ne5 20.Qb7 Qxb7 21.Bxb7 Rxc1 22.Rxc1 f6
23.f4 fxg5 24.hxg5 Bg7 25.fxe5 Bxe5 26.Kg2 Be6 27.a5  1-0

[Event "Perla Baltyku Open 2012"]
[Site "Lazy POL"]
[Date "2012.06.30"]
[Round "1.7"]
[White "Szotkowski,J"]
[Black "Chojnacki,K"]
[Result "1/2-1/2"]
[WhiteElo "2063"]
[BlackElo "2436"]

1.Nf3 Nf6 2.c4 g6 3.g3 Bg7 4.Bg2 O-O 5.d4 d6 6.O-O Nc6 7.Nc3 a6 8.d5 Na5
9.b3 Bd7 10.Nd4 c5 11.dxc6 Nxc6 12.e3 Rc8 13.Bb2 Qa5 14.Nd5 Nxd5 15.Bxd5 b5
16.a3 bxc4 17.Bxc4 Ne5 18.Be2 Bh3 19.Re1 Qd5 20.f3 Qb7 21.Rc1 Nc6 22.b4 Ne5
23.Qa4 Bh6 24.Qb3 a5 25.Rxc8 Rxc8 26.Rc1 axb4 27.Rxc8+ Bxc8 28.axb4  1/2-1/2

[Event "40th TCh-GRE 2012"]
[Site "Achaea GRE"]
[Date "2012.07.01"]
[Round "3.11"]
[White "Georgakopoulos,N"]
[Black "Pavlidis,Ana"]
[Result "1-0"]
[WhiteElo "2337"]
[BlackElo "2360"]

1.Nf3 Nf6 2.c4 g6 3.g3 Bg7 4.Bg2 O-O 5.O-O d6 6.Nc3 e5 7.d4 Nbd7 8.e4 c6
9.h3 Qb6 10.Re1 exd4 11.Nxd4 Re8 12.Nc2 Ne5 13.b3 Nfd7 14.Na4 Qa5 15.Bd2 Qc7
16.Re3 Nc5 17.Nxc5 dxc5 18.f4 Nd7 19.Bc3 Nf6 20.Qe2 Be6 21.Rf1 Nh5 22.e5 Bh6
23.Ne1 Rad8 24.Nd3 b6 25.Nf2 Bf8 26.Qf3 Bd7 27.g4 Ng7 28.Ne4 Be7 29.Nf6+ Bxf6
30.exf6 Rxe3 31.Qxe3 Ne8 32.Be5 Qb7 33.Rd1 Qc8 34.Qd2 b5 35.f5 bxc4 36.bxc4 Qa6
37.Bf1 Qa3 38.Re1 Qb4 39.Bc3 Qb8 40.Be5 Qb4 41.Bc3 Qb8 42.Ba5 Nxf6 43.Bxd8 Qxd8
44.Qd6 Ne8 45.Qe7 Qb8 46.Rd1 Qg3+ 47.Bg2  1-0

[Event "40th TCh-GRE 2012"]
[Site "Achaea GRE"]
[Date "2012.07.01"]
[Round "3.10"]
[White "Grigoriadis,A"]
[Black "Gavrilidis,G"]
[Result "1/2-1/2"]
[WhiteElo "2293"]
[BlackElo "2135"]

1.c4 Nf6 2.Nf3 g6 3.g3 Bg7 4.Bg2 O-O 5.O-O Nc6 6.d4 d6 7.Nc3 a6 8.d5 Na5
9.Nd2 c5 10.Rb1 Rb8 11.Qc2 b5 12.b3 e5 13.cxb5 axb5 14.b4 cxb4 15.Rxb4 Bd7
16.Ba3 Bh6 17.e3 Bf5 18.Qb2 Bd3 19.Re1 Qd7 20.Bf1 Bxf1 21.Rxf1 Rfc8 22.Rc1 Bf8
23.Rb1 Rxc3 24.Qxc3 Nxd5 25.Qd3 Nxb4 26.Bxb4 Nc4 27.Nxc4 bxc4 28.Qxc4 d5
29.Qc3 d4 30.exd4 exd4 31.Qd2  1/2-1/2

[Event "ch-Pan Americano U20 2012"]
[Site "Sao Paulo BRA"]
[Date "2012.07.01"]
[Round "5.3"]
[White "Mendonca,M"]
[Black "Martinez Alcantara,Jose Eduardo"]
[Result "1/2-1/2"]
[WhiteElo "2220"]
[BlackElo "2155"]

1.Nf3 Nf6 2.c4 g6 3.g3 Bg7 4.Bg2 O-O 5.O-O Nc6 6.d4 d6 7.Nc3 a6 8.b3 Rb8
9.Bb2 b5 10.cxb5 axb5 11.d5 Na5 12.Nd4 Bd7 13.Qd2 b4 14.Nd1 Rb6 15.a3 c5
16.dxc6 Nxc6 17.Nxc6 Bxc6 18.axb4 Bxg2 19.Kxg2 Qb8 20.Ra4 Qb7+ 21.f3 Rb8
22.Ba3 Nd5 23.Ne3 Nxb4 24.Bxb4 Rxb4 25.Rxb4 Qxb4 26.Qxb4 Rxb4 27.Rb1 e6 28.Kf1 Kf8
29.Ke1 Ke7 30.Nc2 Rb5 31.b4 d5 32.Kd2 Kd6 33.Kd3 Rb8 34.Rb3 Kc6 35.Ra3 Kb6
36.g4 Rc8 37.e4 dxe4+ 38.fxe4 Be5 39.h3 g5 40.Rb3 Rd8+ 41.Ke2 Kb5 42.Rd3 Rxd3
43.Kxd3 h6 44.Ne1 Kxb4 45.Nf3 Bf6 46.e5 Bd8 47.Nd4 Kc5 48.Ke4 Bb6 49.Nf3 Kc4
50.h4 Bd8 51.h5 Kc5 52.Nd4 Be7 53.Nb3+ Kc6 54.Kd4 Bd8 55.Ke4 Bb6 56.Nd2 Bc5
57.Nf3 Kb5 58.Kd3 Be7 59.Nd4+ Kc5 60.Ke4 Bd8 61.Nb3+ Kc6 62.Nd4+ Kd7 63.Nb5  1/2-1/2

[Event "40th TCh-GRE 2012"]
[Site "Achaea GRE"]
[Date "2012.07.02"]
[Round "4.12"]
[White "Skalkotas,N"]
[Black "Kakousatze,I"]
[Result "1-0"]
[WhiteElo "2194"]
[BlackElo "2049"]

1.Nf3 Nf6 2.c4 g6 3.g3 Bg7 4.Bg2 O-O 5.O-O d5 6.d4 Nc6 7.cxd5 Nxd5 8.e4 Nb6
9.d5 Na5 10.Qe1 Nac4 11.Nc3 e6 12.b3 exd5 13.bxc4 dxe4 14.Bg5 f6 15.Rd1 Qe8
16.Bf4 exf3 17.Bxf3 Qf7 18.c5 Re8 19.cxb6 c6 20.bxa7 Bh3 21.Be3 Bxf1 22.Qxf1 Bf8
23.Bb6 Be7 24.Qd3 Qf8 25.a4 Bd8 26.a5 Bxb6 27.Qc4+ Kg7 28.axb6 Re7 29.Kg2 Rd8
30.Qc5 Qe8 31.Rxd8 Qxd8 32.a8=Q  1-0

[Event "Perla Baltyku Open 2012"]
[Site "Lazy POL"]
[Date "2012.07.02"]
[Round "3.14"]
[White "Szotkowski,J"]
[Black "Mulet,P"]
[Result "0-1"]
[WhiteElo "2063"]
[BlackElo "2282"]

1.Nf3 Nf6 2.c4 g6 3.g3 Bg7 4.Bg2 O-O 5.O-O d5 6.cxd5 Nxd5 7.Nc3 Nc6 8.Nxd5 Qxd5
9.d3 Qb5 10.Qc2 a5 11.Rb1 a4 12.b3 axb3 13.Rxb3 Qa4 14.Bb2 e5 15.Rc1 Ra7
16.Ra3 Qxc2 17.Rxc2 Rxa3 18.Bxa3 Rd8 19.h4 Bd7 20.Ng5 Ra8 21.Bc5 h6 22.Ne4 Bf5
23.Nc3 Ra5 24.Nd5 b6 25.Be3 Rxd5 26.Rxc6 Rd7  0-1

[Event "ch-Pan Americano U20 2012"]
[Site "Sao Paulo BRA"]
[Date "2012.07.02"]
[Round "7.11"]
[White "Mandetta,J"]
[Black "Vizzotto,Bernardo"]
[Result "1-0"]
[WhiteElo "2132"]
[BlackElo "1995"]

1.Nf3 Nf6 2.c4 g6 3.g3 Bg7 4.Bg2 O-O 5.O-O d5 6.cxd5 Nxd5 7.Nc3 Nc6 8.Qb3 Nb6
9.d3 Bg4 10.Be3 e5 11.Ng5 Nd4 12.Qd1 c6 13.h3 Bd7 14.Nge4 Qe7 15.Qd2 Rfe8
16.f4 f5 17.fxe5 Qxe5 18.Bf4 Qa5 19.Nd6 Nxe2+ 20.Kh2 Nxc3 21.Nxe8 Rxe8 22.Rae1 Rxe1
23.Qxe1 Kf7 24.Bd2 Nba4 25.bxc3 Nxc3 26.d4 Bxd4 27.Rf3 Qxa2 28.Bxc3 Bxc3
29.Qxc3 Be6 30.Rd3 a5 31.Rd2 Qb3 32.Qh8 f4 33.Qxh7+ Kf6 34.Qh4+ g5 35.Qh6+ Kf7
36.gxf4 Qe3 37.Qh5+ Kg7 38.Qxg5+ Kf7 39.Rd8 a4 40.Qg8+ Kf6 41.Qh8+ Kg6 42.Rf8 Bf7
43.f5+ Kg5 44.Qg7+  1-0

[Event "1st CT Casino Marina del Sol"]
[Site "Talcahuano CHI"]
[Date "2012.07.02"]
[Round "8.1"]
[White "Farfan Ortiz,V"]
[Black "Estay Torreblanca,O"]
[Result "1/2-1/2"]
[WhiteElo "2206"]
[BlackElo "2214"]

1.c4 Nf6 2.Nf3 g6 3.g3 Bg7 4.Bg2 O-O 5.O-O d6 6.d4 a6 7.Nc3 Nc6 8.h3 Rb8
9.Be3 Bd7 10.Rc1 e5 11.Qd2 Re8 12.Rfd1 exd4 13.Nxd4 Nxd4 14.Bxd4 Bf5 15.e4 Bd7
16.c5 Bc6 17.cxd6  1/2-1/2

[Event "86th ch-ARG 2012"]
[Site "La Plata ARG"]
[Date "2012.07.04"]
[Round "1.6"]
[White "Paolini,Claudio"]
[Black "Perez Ponsa,F"]
[Result "0-1"]
[WhiteElo "1915"]
[BlackElo "2489"]

1.c4 Nf6 2.g3 g6 3.Bg2 Bg7 4.Nf3 O-O 5.O-O d6 6.Nc3 Nc6 7.Rb1 e5 8.d3 h6
9.b4 Be6 10.b5 Ne7 11.Qc2 Qc8 12.a4 Bh3 13.Ba3 Bxg2 14.Kxg2 Qe6 15.Rfc1 Nd7
16.Nd5 Rac8 17.Nxe7+ Qxe7 18.c5 dxc5 19.Bxc5 Nxc5 20.Qxc5 Qxc5 21.Rxc5 f6
22.Rbc1 Rf7 23.Nd2 Rd7 24.Nb3 Bf8 25.R5c4 Ba3 26.R1c2 Bd6 27.Nc5 Bxc5 28.Rxc5 Kf7
29.Kf3 Ke7 30.Ke4 Rd4+ 31.Ke3 Kd6 32.a5 Rd5 33.Rxd5+ Kxd5 34.f4 exf4+ 35.gxf4 g5
36.Kf3 f5 37.e4+ fxe4+ 38.dxe4+ Kd4 39.fxg5 hxg5 40.Kg4 c5 41.bxc6 bxc6 42.Kxg5 c5
43.h4 c4 44.h5 Kxe4 45.h6 Kd3 46.Rc1 c3 47.Kg6 c2 48.h7 Kd2 49.Rh1 c1=Q 50.Rxc1 Kxc1
51.Kg7 Kb2  0-1

[Event "34th Oberwart Open A"]
[Site "Oberwart AUT"]
[Date "2012.07.07"]
[Round "1.15"]
[White "Froewis,G"]
[Black "Mesaros,Florian"]
[Result "1-0"]
[WhiteElo "2366"]
[BlackElo "2036"]

1.c4 Nf6 2.Nf3 g6 3.g3 Bg7 4.Bg2 O-O 5.O-O d5 6.cxd5 Nxd5 7.Nc3 Nxc3 8.bxc3 c5
9.Rb1 Nc6 10.c4 Qc7 11.d3 e5 12.Ng5 b6 13.Ne4 Bb7 14.Nc3 Ne7 15.Bxb7 Qxb7
16.e4 f5 17.Bg5 Nc6 18.Be3 Qd7 19.f3 fxe4 20.dxe4 Nd4 21.Nd5 Rf7 22.Kg2 Raf8
23.Bxd4 cxd4 24.Qb3 Bh6 25.c5 Qe6 26.cxb6 axb6 27.Rf2 Kh8 28.Nxb6 Qxb3 29.Rxb3 Be3
30.Rf1 Ra7 31.a4 d3 32.Nd5 Bd4 33.Rxd3 Rxa4 34.Rd2 Rb8 35.Rc2 Rb7 36.Rfc1 Raa7
37.h4 Kg7 38.Rc7+ Rxc7 39.Rxc7+ Rxc7 40.Nxc7 Kf6 41.Nd5+ Ke6 42.Nb4 Bc3 43.Nd3 h6
44.Kh3 g5 45.Kg4 Bd2 46.Kh5 Be3 47.Kg6 gxh4 48.gxh4 Bd2 49.Kg7 Be3 50.h5 Bg5
51.Nf2 Be3 52.Ng4  1-0

[Event "35th Barbera Open A"]
[Site "Barbera del Valles ESP"]
[Date "2012.07.08"]
[Round "5.15"]
[White "Vassallo Barroche,M"]
[Black "Barbero Senidic,A"]
[Result "1-0"]
[WhiteElo "2433"]
[BlackElo "2370"]

1.c4 Nf6 2.Nf3 g6 3.g3 Bg7 4.Bg2 O-O 5.O-O d5 6.cxd5 Nxd5 7.Nc3 Nxc3 8.dxc3 Nd7
9.Qc2 e5 10.e4 Qe7 11.a4 b6 12.a5 b5 13.Be3 Nc5 14.b4 Ne6 15.Ne1 Rd8 16.Nd3 a6
17.Rfd1 Bb7 18.Nc5 Nxc5 19.Bxc5 Qe6 20.Rxd8+ Rxd8 21.Rd1 Rxd1+ 22.Qxd1 Bf6
23.h4 h5 24.Qd2 Bc6 25.Kh2 Qd7 26.Qe3 Qd1 27.Bf3 Qd7 28.Be2 Kh7 29.c4 Kg8
30.cxb5 Bxb5 31.Bxb5 Qxb5 32.Qd2 Kg7 33.Qd5 Qe2 34.b5 axb5 35.a6  1-0

[Event "FSIM July 2012"]
[Site "Budapest HUN"]
[Date "2012.07.08"]
[Round "2.5"]
[White "Kojima,S"]
[Black "Szajbely,Z"]
[Result "0-1"]
[WhiteElo "2290"]
[BlackElo "2230"]

1.Nf3 Nf6 2.c4 g6 3.g3 Bg7 4.Bg2 O-O 5.O-O d6 6.d4 Nbd7 7.Qc2 e5 8.Rd1 Qe7
9.Nc3 a6 10.e4 Re8 11.dxe5 Nxe5 12.Nxe5 Qxe5 13.h3 Rb8 14.Bf4 Qe7 15.Rac1 Be6
16.b3 Nd7 17.Qd2 b5 18.Nd5 Bxd5 19.cxd5 Nc5 20.Re1 b4 21.Rc4 a5 22.Rec1 Bc3
23.R1xc3 bxc3 24.Qxc3 Rb4 25.Rxb4 axb4 26.Qxb4 Nxe4 27.a4 g5 28.Be3 Qe5 29.Qb7 Nxg3
30.Qxc7 Qa1+ 31.Kh2 Ne2 32.f4 Qe1 33.Bb6 Qg3+ 34.Kh1 Nxf4 35.Qc2 Re1+ 36.Bg1 Ne2  0-1

[Event "86th ch-ARG 2012"]
[Site "La Plata ARG"]
[Date "2012.07.08"]
[Round "7.12"]
[White "Spata,G"]
[Black "Martinez de Negri,G"]
[Result "1-0"]
[WhiteElo "2278"]
[BlackElo "2093"]

1.Nf3 Nf6 2.c4 g6 3.g3 Bg7 4.Bg2 O-O 5.O-O d6 6.d4 Nc6 7.Nc3 a6 8.h3 Rb8
9.e4 e5 10.d5 Ne7 11.c5 Ne8 12.cxd6 cxd6 13.a4 f5 14.Nd2 Nf6 15.a5 b6 16.axb6 Qxb6
17.Nc4 Qc7 18.b3 Nxe4 19.Nxe4 fxe4 20.Be3 Rf6 21.g4 g5 22.Rc1 Qd8 23.Bxe4 Ng6
24.Bxg6 Rxg6 25.Qd3 Rh6 26.Rc2 Bf8 27.Nd2 Rb5 28.Rfc1 Bb7 29.Rc6 Qf6 30.Ne4 Qf7
31.Rc7 Qxd5 32.Nf6+  1-0

[Event "6th LCT GpA 2012"]
[Site "Leiden NED"]
[Date "2012.07.09"]
[Round "4.13"]
[White "Wilschut,P"]
[Black "Butkiewicz,L"]
[Result "0-1"]
[WhiteElo "2233"]
[BlackElo "2402"]

1.Nf3 Nf6 2.c4 g6 3.g3 Bg7 4.Bg2 O-O 5.Nc3 d6 6.d3 Nc6 7.Bd2 e5 8.Qc1 Re8
9.Bh6 Bg4 10.Bxg7 Kxg7 11.h3 Bf5 12.Nd2 Qd7 13.Nd5 Qd8 14.Qc3 Be6 15.O-O Bxd5
16.cxd5 Ne7 17.e4 c6 18.f4 cxd5 19.fxe5 dxe5 20.Qxe5 Nf5 21.Qf4 dxe4 22.dxe4 Nxg3
23.Qxg3 Qxd2 24.Rad1 Qxb2 25.Rf2 Qe5 26.Qxe5 Rxe5 27.Rdf1 Nxe4 28.Rxf7+ Kh6
29.Rxb7 Rae8 30.Rxa7 Nd6 31.Rf6 Nf5 32.Rff7 Re1+ 33.Bf1 Kg5 34.Rxh7 Rb1 35.h4+ Nxh4
36.Rab7 Ra1 37.Rb2 Re4 38.Rb5+ Kg4 39.Rb2 Kg3 40.Rb3+ Nf3+ 41.Rxf3+ Kxf3
42.Rh3+ Kg4  0-1

[Event "5th Int ch-Central Serbia 2012"]
[Site "Paracin SRB"]
[Date "2012.07.09"]
[Round "4.30"]
[White "Smirnov,B"]
[Black "Pantelic,Sa"]
[Result "1/2-1/2"]
[WhiteElo "2143"]
[BlackElo "2362"]

1.c4 Nf6 2.Nf3 g6 3.g3 Bg7 4.Bg2 O-O 5.Nc3 d6 6.O-O e5 7.d4 Nbd7 8.Qd2 c6
9.dxe5 dxe5 10.b3 Re8 11.e4 Qc7 12.Ba3 Bf8 13.Bxf8 Nxf8 14.Rad1 Bg4 15.Qd6 Qxd6
16.Rxd6 Bxf3 17.Bxf3 Ne6 18.Rfd1 Kf8 19.R6d2 Ke7 20.Bg2 g5 21.f3 Rad8 22.Ne2 Rxd2
23.Rxd2 a5 24.Nc3 Nd4 25.Kf2 Nd7 26.Ke3 Nc5 27.Bf1 f6 28.Be2 Rg8 29.Bd1 Kd6
30.a3 Rf8 31.b4 axb4 32.axb4 Ne6 33.Ra2 Rd8 34.Ra7 Kc7 35.Ra2 h5 36.Ra3 h4
37.b5 hxg3 38.hxg3 Kb8 39.Ra2 Rh8 40.Rb2 Kc7 41.bxc6 bxc6 42.Ra2 Kd6 43.Ra5 Rh2
44.Na4 Rg2 45.c5+ Ke7 46.Ra7+ Ke8 47.Ra8+ Kf7 48.Ra7+ Kg6 49.Nb6 f5 50.Nd7 f4+
51.gxf4 gxf4+ 52.Kd3 Rg1 53.Kd2 Kg5 54.Ra8 Kh4 55.Rh8+ Kg3  1/2-1/2

[Event "34th Oberwart Open A"]
[Site "Oberwart AUT"]
[Date "2012.07.10"]
[Round "4.30"]
[White "Radnetter,G"]
[Black "Steiner,Pete"]
[Result "1-0"]
[WhiteElo "2285"]
[BlackElo "2020"]

1.Nf3 Nf6 2.c4 g6 3.g3 Bg7 4.Bg2 O-O 5.O-O d6 6.d4 Nc6 7.Nc3 a6 8.h3 Bd7
9.b3 Rb8 10.a4 Nb4 11.Na2 a5 12.Nxb4 axb4 13.Bb2 Ne4 14.Qc2 Bf5 15.g4 Ng3
16.gxf5 Nxf1 17.Rxf1 e6 18.fxe6 fxe6 19.Qd2 c5 20.dxc5 dxc5 21.Bxg7 Qxd2
22.Nxd2 Kxg7 23.Ne4 b6 24.a5 bxa5 25.Nxc5 Rfe8 26.Ra1 Rbd8 27.Nd3 e5 28.Be4 Rd4
29.f3 Kf6 30.Rxa5 Kg5 31.Kg2 Kh4 32.Rd5 Rd8 33.Rxd4 exd4 34.c5 Kg5 35.c6 Kf6
36.c7 Rc8 37.Nxb4  1-0

[Event "4th Rethymno Open"]
[Site "Rethymno GRE"]
[Date "2012.07.11"]
[Round "6.21"]
[White "Kharitonov,I"]
[Black "Nitin,S"]
[Result "0-1"]
[WhiteElo "2098"]
[BlackElo "2417"]

1.Nf3 Nf6 2.c4 g6 3.g3 Bg7 4.Bg2 O-O 5.O-O d6 6.Nc3 c6 7.d3 e5 8.Rb1 Re8
9.e4 a5 10.a3 h6 11.Re1 Nbd7 12.b4 Nf8 13.h3 N6h7 14.d4 exd4 15.Nxd4 Nd7
16.Be3 Ne5 17.Qb3 axb4 18.axb4 Ng5 19.f4 c5 20.fxg5 cxd4 21.gxh6 Bxh3 22.hxg7 Bxg2
23.Kxg2 dxe3 24.Rxe3 Kxg7 25.Nd5 Rh8 26.Ree1 Qc8 27.Rh1 Qg4  0-1

[Event "35th Barbera Open A"]
[Site "Barbera del Valles ESP"]
[Date "2012.07.12"]
[Round "9.35"]
[White "Sanchez Dengra,J"]
[Black "Fernandez Diaz,Cr"]
[Result "1/2-1/2"]
[WhiteElo "2002"]
[BlackElo "2162"]

1.c4 Nf6 2.Nf3 g6 3.g3 Bg7 4.Bg2 O-O 5.O-O d6 6.Nc3 Nc6 7.Rb1 e5 8.d3 a5
9.a3 h6 10.b4 axb4 11.axb4 Be6 12.b5 Ne7 13.Qb3 Nd7 14.Ba3 f5 15.Nd2 Ra7
16.b6 Nxb6 17.Bxd6 Nbc8 18.Bxc7 Qxc7 19.Nb5 Qa5 20.Nxa7 Qxd2 21.Nxc8 Nxc8
22.Rb2 Qa5 23.Qxb7 e4 24.Rb5 Qd2 25.Qc6 Bf7 26.Rb7 Re8 27.Rb8 Qxe2 28.dxe4 Qxc4
29.exf5 gxf5 30.Qxc4 Bxc4 31.Rc1 Be6 32.Bc6 Rf8 33.Re1 Bf7 34.Bd7 Nd6 35.Rb6 Ne4
36.Bxf5 Bd4 37.Rxe4 Bxb6 38.Be6 Bxf2+ 39.Kg2 Bc5 40.Bxf7+ Rxf7 41.Re2 Kg7
42.Kh3 Bd4 43.Kg2 Kg6 44.Kh3 Kg5 45.Kg2 h5 46.Kh3 Rf5 47.Re4 Bg1 48.Kg2 Bd4
49.Rf4 Rd5 50.h4+ Kg6 51.Rf3  1/2-1/2

[Event "Turkish Bank Chess League 2012"]
[Site "Konya TUR"]
[Date "2012.07.12"]
[Round "2"]
[White "Paehtz,E"]
[Black "Khotenashvili,B"]
[Result "0-1"]
[WhiteElo "2493"]
[BlackElo "2505"]

1.Nf3 Nf6 2.c4 g6 3.g3 Bg7 4.Bg2 O-O 5.Nc3 d5 6.cxd5 Nxd5 7.h4 Nf6 8.d3 Nc6
9.Bg5 h6 10.Bf4 Ng4 11.Bd2 e5 12.Nh2 Nxh2 13.Rxh2 Nd4 14.e3 Ne6 15.Qc2 c6
16.O-O-O Nc5 17.Be1 h5 18.Ne2 Qb6 19.Bc3 Na6 20.Bh3 Nb4 21.Qa4 Bxh3 22.Rxh3 a5
23.Kb1 Rfd8 24.Qb3 Qa6 25.Bxb4 axb4 26.Nc1 c5 27.Rhh1 b5 28.Rhg1 Bf8 29.g4 c4
30.dxc4 bxc4 31.Qc2 b3 32.Qc3 bxa2+ 33.Ka1 Rxd1 34.Rxd1 hxg4 35.e4 Qf6 36.Qxc4 Qxh4
37.Qd5 Re8 38.Qd7 Re6 39.Qc8 Kg7 40.Rd8 Rc6 41.Qxc6 Qxd8 42.Kxa2 Qd2 43.Qc8 Qxf2
44.Qxg4 Qf4  0-1

[Event "2nd Science Park Open A"]
[Site "Amsterdam NED"]
[Date "2012.07.14"]
[Round "1"]
[White "Theulings,PP"]
[Black "Bezemer,A"]
[Result "1/2-1/2"]
[WhiteElo "2126"]
[BlackElo "2346"]

1.Nf3 Nf6 2.c4 g6 3.g3 Bg7 4.Bg2 O-O 5.O-O d5 6.cxd5 Nxd5 7.d4 Nb6 8.Nc3 Nc6
9.d5 Na5 10.Qc2 Bd7 11.Rd1 Rc8 12.Nd4 Qe8 13.Nb3 Nxb3 14.Qxb3 c6 15.a4 Nxd5
16.Nxd5 cxd5 17.Bxd5 Bc6 18.Be3 b6  1/2-1/2

[Event "6th LCT GpA 2012"]
[Site "Leiden NED"]
[Date "2012.07.14"]
[Round "8.10"]
[White "Luch,M"]
[Black "Von Meijenfeldt,Bart"]
[Result "1-0"]
[WhiteElo "2426"]
[BlackElo "2123"]

1.Nf3 Nf6 2.c4 g6 3.g3 Bg7 4.Bg2 O-O 5.O-O Nc6 6.Nc3 d6 7.Rb1 e5 8.b4 a6
9.d3 Bf5 10.e4 Bd7 11.h3 Nd4 12.Nxd4 exd4 13.Ne2 Ne8 14.Qb3 b6 15.Bb2 c5
16.Ba3 Qc8 17.bxc5 bxc5 18.Nf4 Nc7 19.Kh2 Re8 20.Qc2 Bc6 21.Rb6 Qd7 22.h4 Rac8
23.Bh3 f5 24.exf5 gxf5 25.Qd1 Re7 26.Re1 Rxe1 27.Qxe1 Bf3 28.Bg2 Re8 29.Qh1 Bxg2
30.Qxg2 Be5 31.Nd5 Ne6 32.Qf3 Kh8 33.Bc1 Qg7 34.Qh5 Rg8 35.Bg5 Nxg5 36.hxg5 f4
37.gxf4 Bxf4+ 38.Nxf4 Qe5 39.Qg4 Rf8 40.Kg3 Qe1 41.Kg2 Qd2 42.Kg3 Qe1 43.Qe2 Qc1
44.Nh3  1-0

[Event "III Maravilhosa Open 2012"]
[Site "Laranjeiras BRA"]
[Date "2012.07.15"]
[Round "6.19"]
[White "Machado,Wal"]
[Black "Santos,Otavio Belegarde dos"]
[Result "1-0"]
[WhiteElo "1854"]
[BlackElo "1822"]

1.c4 Nf6 2.Nf3 g6 3.g3 Bg7 4.Bg2 O-O 5.O-O c6 6.Nc3 d5 7.cxd5 cxd5 8.d3 e6
9.Qd2 Nc6 10.b3 Bd7 11.Bb2 Rc8 12.Rac1 a6 13.e3 Bh6 14.Na4 Bg7 15.Bc3 b6
16.Qb2 Ne8 17.Bxg7 Nxg7 18.a3 Ne7 19.Nc3 b5 20.b4 Nc6 21.Nd2 Ne5 22.Qb1 Qb6
23.Nb3 Rc7 24.Nc5 Rfc8 25.h3 Be8 26.Rfd1 Nf5 27.Qa1 Nd7 28.d4 Nf6 29.Qb1 Nd6
30.Bf1 Bc6 31.f3 Nc4 32.Bxc4 dxc4 33.e4 Rd8 34.Rc2 Nd7 35.Qb2 Ba8 36.Rcd2 Rcc8
37.Kg2 Kf8 38.Qc1 Ke7 39.Re2 Nxc5 40.bxc5 Qa5 41.Ra2 e5 42.Qd2 Qc7 43.d5 Qxc5
44.Qg5+ Kf8 45.Qxe5 h5 46.g4 hxg4 47.hxg4 a5 48.Rh1  1-0

[Event "2nd Science Park Open A"]
[Site "Amsterdam NED"]
[Date "2012.07.18"]
[Round "5"]
[White "Theulings,PP"]
[Black "Hoffman,Ro"]
[Result "1-0"]
[WhiteElo "2126"]
[BlackElo "2096"]

1.Nf3 Nf6 2.c4 g6 3.g3 Bg7 4.Bg2 O-O 5.d4 c5 6.Nc3 cxd4 7.Nxd4 Qc7 8.Ndb5 Qxc4
9.b3 Qb4 10.Ba3 Qa5 11.Bxe7 Ng4 12.b4 Qb6 13.Bc5 Qf6 14.Rc1 Nc6 15.Nd5 Qf5
16.e4 Qg5 17.f4 Qh5 18.Bxf8 Kxf8 19.Bf3 d6 20.h3 Nce5 21.Rxc8+ Rxc8 22.fxe5 Qxe5
23.hxg4 Qxg3+ 24.Ke2 f5 25.gxf5 gxf5 26.Ne3 fxe4 27.Bxe4 d5 28.Qxd5 Re8 29.Rf1+  1-0

[Event "11th Condom Open A"]
[Site "Condom FRA"]
[Date "2012.07.20"]
[Round "8.5"]
[White "Bujisho,B"]
[Black "Ouerk,Y"]
[Result "1-0"]
[WhiteElo "2391"]
[BlackElo "2177"]

1.c4 Nf6 2.Nf3 g6 3.g3 Bg7 4.Bg2 O-O 5.O-O d6 6.d3 e5 7.Nc3 Nc6 8.Rb1 a5
9.a3 Nd4 10.Ne1 c6 11.e3 Nf5 12.Nc2 d5 13.cxd5 cxd5 14.e4 dxe4 15.dxe4 Nd4
16.Nxd4 exd4 17.Ne2 Re8 18.Bg5 h6 19.Bxf6 Qxf6 20.Nc1 Bd7 21.Nd3 Rac8 22.f4 Bb5
23.Rf2 Qa6 24.Rd2 Rc7 25.h4 Rec8 26.Bf1 Qe6 27.e5 f6 28.Kh2 Bd7 29.exf6 Bxf6
30.Bg2 Qf7 31.Rc1 Rxc1 32.Nxc1 Bf5 33.Nd3 Bxd3 34.Rxd3 Kg7 35.Rb3 Rc7 36.Qd3 Qe7
37.Be4 Kf8 38.Rb6 Bg7 39.Rxg6 Rc1 40.Bd5 Qe3 41.Qf5+  1-0

[Event "7th Nana Aleksandria Cup"]
[Site "Poti GEO"]
[Date "2012.07.20"]
[Round "9.2"]
[White "Maghalashvili,Da"]
[Black "Lomineishvili,M"]
[Result "1-0"]
[WhiteElo "2472"]
[BlackElo "2360"]

1.Nf3 Nf6 2.c4 g6 3.g3 Bg7 4.Bg2 O-O 5.O-O d6 6.d4 Bf5 7.Nc3 Ne4 8.Nd5 c6
9.Ne3 Be6 10.b3 f5 11.Bb2 a5 12.Rb1 d5 13.Ne5 Nd7 14.Nd3 Bf7 15.Qc2 Rc8 16.Rbd1 b5
17.f3 Nd6 18.Ne5 e6 19.c5 Ne8 20.f4 Nef6 21.Bf3 Ne4 22.Bxe4 dxe4 23.a4 Nf6
24.b4 Nd5 25.Nxd5 Qxd5 26.axb5 cxb5 27.bxa5 Be8 28.Qc3 Bc6 29.e3 Bf6 30.Qb4 Ra8
31.Bc3 Ra6 32.Nxc6 Qxc6 33.Qb3 Be7 34.Rb1 Rb8 35.Rf2 Bd8 36.Ra2 Kf7 37.Qc2 Rba8
38.Rab2 Rb8 39.Qd2 Rb7 40.Rb3 Rb8 41.R1b2 Rb7 42.Qe1 Rb8 43.Rb1 Rb7 44.R3b2 Rb8
45.h3 Rb7 46.g4 Rb8 47.gxf5 exf5 48.Qd1 Bxa5 49.Qb3+ Ke7 50.d5 Qxc5 51.Bd4 Qc8
52.Rc2 Qd7 53.Be5 Rb7 54.Rbc1 b4 55.d6+ Rxd6 56.Bxd6+ Qxd6 57.Rc6 Qd7 58.Qg8 Rc7
59.Qg7+  1-0

[Event "16th Battle of Senta Open A"]
[Site "Senta SRB"]
[Date "2012.07.20"]
[Round "8.7"]
[White "Radusinovic,L"]
[Black "Ardeleanu,A"]
[Result "1/2-1/2"]
[WhiteElo "2330"]
[BlackElo "2335"]

1.Nf3 Nf6 2.c4 g6 3.g3 Bg7 4.Bg2 O-O 5.d4 d6 6.O-O Nc6 7.d5 Na5 8.Nfd2 c5
9.a3 Qc7 10.Qc2 b6 11.Ra2 Bd7 12.Nc3 a6 13.b3 b5 14.Bb2 bxc4 15.bxc4 Rfb8
16.Nce4 Rxb2 17.Rxb2 Nxe4 18.Bxe4 Bxb2  1/2-1/2

[Event "ch-AUT 2012"]
[Site "Zwettl AUT"]
[Date "2012.07.21"]
[Round "1.6"]
[White "Kilgus,G"]
[Black "Woeber,F"]
[Result "1-0"]
[WhiteElo "2410"]
[BlackElo "2183"]

1.Nf3 Nf6 2.c4 g6 3.g3 Bg7 4.Bg2 O-O 5.O-O d6 6.d4 Nbd7 7.Nc3 e5 8.Rb1 Re8
9.b4 a5 10.a3 axb4 11.axb4 c6 12.Qb3 Nf8 13.dxe5 dxe5 14.Be3 Bf5 15.Rbd1 Qc7
16.Bc5 Rad8 17.Na4 Rxd1 18.Rxd1 b5 19.cxb5 cxb5 20.Nc3 N6d7 21.Nxb5 Qb7 22.Nfd4 e4
23.Qxf7+ Kxf7 24.Nd6+ Kg8 25.Nxb7 Nxc5 26.bxc5  1-0

[Event "Dutch Open 2012"]
[Site "Dieren NED"]
[Date "2012.07.26"]
[Round "3.4"]
[White "Heemskerk,W"]
[Black "Smeets,J"]
[Result "0-1"]
[WhiteElo "2252"]
[BlackElo "2620"]

1.Nf3 Nf6 2.c4 g6 3.g3 Bg7 4.Bg2 O-O 5.O-O d6 6.d4 Nc6 7.Nc3 a6 8.Qd3 Bf5
9.e4 Bg4 10.Be3 Nd7 11.Nd2 e5 12.d5 Nd4 13.b4 a5 14.a3 c5 15.dxc6 bxc6 16.f4 Qb8
17.h3 axb4 18.axb4 Qxb4 19.Na2 Qa3 20.Qxa3 Rxa3 21.Bxd4 exd4 22.Nb4 Rxa1
23.Rxa1 Be2 24.Bf1 d3 25.Ra3 Bb2 26.Ra2 Bd4+ 27.Kg2 Nc5 28.Nxc6 Bc3 29.Nb1 Bxf1+
30.Kxf1 Bf6 31.Nd2 Re8 32.e5 dxe5 33.Ra5 e4 34.Rxc5 e3 35.Nf3 e2+  0-1

[Event "45th Biel Masters Open"]
[Site "Biel SUI"]
[Date "2012.07.27"]
[Round "5"]
[White "Le Roux,JP"]
[Black "Vishnu,P"]
[Result "0-1"]
[WhiteElo "2559"]
[BlackElo "2435"]

1.c4 Nf6 2.Nf3 g6 3.g3 Bg7 4.Bg2 O-O 5.O-O c5 6.Nc3 d5 7.cxd5 Nxd5 8.Qa4 Nb4
9.d3 Bd7 10.Qd1 Bc6 11.Bg5 Nd7 12.Rc1 Rc8 13.Qb3 Nf6 14.Rfd1 Qa5 15.h4 Nbd5
16.Nb1 b6 17.Re1 Nc7 18.Nbd2 Rcd8 19.a3 Ne6 20.Nc4 Qa6 21.Be3 Ng4 22.Bd2 Qb7
23.Ne3 h5 24.Nf1 Nd4 25.Nxd4 Bxd4 26.e3 Bxg2 27.exd4 Bh1  0-1